Представление документа в формате RUSMARC

ПолеНазваниеЗначение
  Тип записи a
  Библиографический уровень c
001 Контрольный номер RU/IS/BASE/321721757
005 Дата корректировки 20201206204446.3
010 Индекс ISBN __
d Цена 10-00
101 Язык документа 0_
a Язык текста rus
c Язык оригинала rus
200 Заглавие и сведения об ответственности 1_
a Заглавие Мой костер
e Сведения, относящиеся к заглавию старинные романсы, исполнявшиеся цыганами
f Первые сведения об ответственности сост. Н. Морозов
b Общее обозначение материала Текст
210 Выходные данные __
a Место издания М.
c Издательство Совет. композитор
d Дата издания 1992
215 Физическое описание __
a Объем 40 с.
327 Примечание о содержании __
a Примечание о содержании Старинные романсы, исполнявшиеся цыганами
606 Тематические рубрики __
a Основная рубрика Вокальная музыка
a Основная рубрика Музыка и зрелищные искусства
610 Ключевые слова __
a Ключевые слова романсы; старинные романсы; цыгане
686 Индексы других классификаций __
a Классификационный индекс ст85.314
702 Вторичная интеллектуальная ответственность _1
a Фамилия Морозов
b Имя Н.
4 Код отношения Составитель
4 Код отношения 220
801 Источник записи _0
a Страна RU
b Организация Муниципальное бюджетное учреждение культуры "Централизованная библиотечная система" г. Сургут (Центральная городская библиотека им. А. С. Пушкина)
g Правила каталогизации ЦДБ/Кундохова
801 Источник записи _1
a Страна RU
b Организация Муниципальное бюджетное учреждение культуры "Централизованная библиотечная система" г. Сургут (Центральная городская библиотека им. А. С. Пушкина)
g Правила каталогизации ЦДБ/Кундохова
852 Данные о местонахождении __
j Шифр хранения ст85.314
c Каталожный индекс ст85.314
i Авторский знак М 74
p Инвентарный номер Б/Н
901 Тип документа __
t Тип документа x
903 Характеристики (МАРС) __
a Дата передачи 20061212
969 Тип издания __
a Тип издания сборник
990 Данные о заказе (DOS) __
j Количество экземпляров (DOS) 1